|
|
|
|
| LEADER |
00000nam a2200000 a 4500 |
| 001 |
vtls001465804 |
| 003 |
SK-MaSNL |
| 005 |
20260302073248.0 |
| 008 |
251117s2003 xo g slo |
| 015 |
|
|
|a SNBA2004/03-02356
|
| 020 |
|
|
|a 8070975075
|
| 035 |
|
|
|a SNK000421109
|
| 035 |
|
|
|a urn:nbn:sk:snk-amls2d
|
| 035 |
|
|
|a urn:nbn:sk:snk-am00cbu5
|
| 035 |
|
|
|a A93F4080-9B31-4CF6-B569-FE313AE565C6
|
| 040 |
|
|
|a SNK
|b slo
|c SNK
|e AACR2
|
| 041 |
0 |
|
|a slo
|
| 044 |
|
|
|a xo
|c SK
|
| 072 |
|
7 |
|a 611
|x Anatómia človeka a porovnávacia anatómia
|2 konspekt
|
| 080 |
|
|
|a 611.1
|2 1981
|
| 080 |
|
|
|a 611.81/.83
|2 1981
|
| 080 |
|
|
|a (075.8)
|2 1981
|
| 080 |
|
|
|a 611.1(075.8)
|2 2. slo
|
| 080 |
|
|
|a 611.81/.83(075.8)
|2 2. slo
|
| 100 |
1 |
|
|a Schmidtová, Katarína,
|d 1943-
|4 aut
|9 230999
|
| 245 |
1 |
0 |
|a Srdcovocievny a nervový systém
|c Katarína Schmidtová, Monika Kočišová
|
| 250 |
|
|
|a 2. vyd.
|
| 260 |
|
|
|a V Košiciach
|b Univerzita P. J. Šafárika
|c 2003
|
| 300 |
|
|
|a 122 s.
|c 29 cm
|
| 490 |
1 |
|
|a Vysokoškolské učebné texty
|
| 500 |
|
|
|a 150 výtl.
|
| 504 |
|
|
|a Bibliogr.
|
| 650 |
0 |
7 |
|a systém kardiovaskulárny
|x anatómia a histológia
|2 SNK
|9 737459
|
| 650 |
0 |
7 |
|a systém nervový
|x anatómia a histológia
|2 SNK
|9 737460
|
| 650 |
0 |
7 |
|a kardiovaskulárny systém
|2 phsnk
|9 2501
|
| 650 |
0 |
7 |
|a nervový systém
|2 phsnk
|9 67250
|
| 655 |
|
7 |
|a Textbooks (higher)
|2 SNKPHeng
|9 276436
|
| 655 |
|
7 |
|a učebnice vysokých škôl
|2 SNKPH
|9 70191
|
| 655 |
|
7 |
|a učebnice
|2 SNK
|9 22521
|
| 655 |
|
7 |
|a učebnice vysokých škôl
|2 SNK
|9 70191
|
| 700 |
1 |
|
|a Kočišová, Monika,
|d 1938-
|4 aut
|9 85436
|
| 752 |
|
|
|d Košice
|
| 810 |
2 |
|
|a Univerzita P. J. Šafárika v Košiciach
|t Vysokoškolské učebné texty
|9 293211
|
| 919 |
|
|
|a 80-7097-507-5
|
| 958 |
|
|
|a NB
|
| 958 |
|
|
|a MI
|
| 968 |
|
|
|d 61
|
| 999 |
|
|
|c 1160129
|d 1162059
|
| 952 |
|
|
|t P60, <03>, [BOOK], {603}
|a SNK
|b SNK
|y PREZ
|7 0
|p 17A0408400
|o snkSB 67811
|i snkKSP 145/2004
|0 0
|1 0
|4 0
|d 2004-01-08
|f 1
|l 0
|r 2025-04-16 00:00:00
|w 2026-02-24
|
| 952 |
|
|
|t P60, <04>, [BOOK], {604}
|a SNK
|b SNK
|y VYP
|7 0
|p 17A0426718
|o snkSB 67811 D1
|i snkKSP 6016/2004
|0 0
|1 0
|4 0
|d 2004-04-29
|l 0
|r 2005-01-02 00:00:00
|w 2026-02-24
|